000 00736nam a22001695i 4500
001 166113
003 ES-MaACL
005 20230906213251.0
008 990603s1894 sp |||| | spa d
040 _aCYL
_bspa
_cCYL
100 1 _aTejera y Magnin, Lorenzo de la.
_9109589
245 1 0 _aIdeas generales sobre la constitución y propiedades mecánicas del acero
_b: influencia que sobre ellas ejercen las acciones térmicas y mecánicas a que haya sido sometido y la composición química que tenga /
_cpor Lorenzo de la Tejera y Magnin.
260 _aBarcelona :
_bRedacción de la Revista Científico-Miliar,
_c1894.
300 _a90, [16] p. ;
_c19 cm.
650 4 _aAcero.
_9146072
852 _aES-MaACL
_jG-9170(1)
_z-- Enc. hol.
999 _c166113
_d166113